Diccionario de matemática moderna /

Guardado en:
Autor Principal: Maravall Casesnoves, Darío.
Formato: Libro
Idioma:Spanish
Publicado: Madrid : RA-MA, 1994.
Etiquetas: Agregar Etiqueta
Sin Etiquetas, Sea el primero en etiquetar este registro!
LEADER 00949nam a22001575a 4500
001 MAT.inmabb006903
008 151119s1994####sp############000#0#spa#d
005 20151119122115.0
245 1 0 |a Diccionario de matemática moderna /  |c Darío Maravall Casesnoves. 
260 |a Madrid :  |b RA-MA,  |c 1994. 
300 |a 431 p. ;  |c 21 cm. 
500 |a "Sigue al diccionario propiamente dicho un apéndice con una lista de definiciones (más de sesenta) que hemos introducido como consecuencia de nuestras investigaciones sobre matemáticas, física y estadística. Vienen a continuación otros diez apéndices, en los que exponemos investigaciones que nos son propias, de matemática pura y aplicada, como ejemplos de iniciación a la investigación, para aquellos lectores que piensen orientar su profesión en ese sentido."--Prólogo. 
020 |a 8478971467 
100 1 |a Maravall Casesnoves, Darío. 
084 |a 00A20  |2 msc2000 
859 |h 00A20  |i M311  |p A-7292  |b BIB. MATEMATICA